00311 a2200085 4500100002800000245008700028300004200115650001300157773005500170 aDOTSE, Dickson Worlanyo aITUC-Africa calls for dialogue with financing agencies. Over sovereign debt crisis aWednesday, September 6, 2023 Pages 33 aEconomy 0 tDaily GraphicdAccra Daily Graphic 2023x0855-1529